000 00879nam a22002777a 4500
001 45653
003 DO-SdBNP
005 20171214113435.0
007 45653
008 930629s1993 sp | |||| ||spa
016 7 _2BPMSU
020 _a848130008X
040 _aBPMSU
_bspa
_cBPMSU
082 _aC864.6
100 2 _aCabrera Infante, Guillermo
_d1929-2005
245 1 0 _aArcadia todas las noches /
_cGuillermo Cabrera Infante
260 _aBarcelona :
_bPrimera Plana,
_c1993
300 _a96 p. :
_c21 cm.
490 _aGrandes autores . Biblioteca de literatura universal
_v9
500 _aIncluye datos biográficos del autor en la contracubierta
650 7 _aENSAYOS CUBANOS
830 _pGrandes autores . Biblioteca de literatura universal
_v9
942 _2ddc
_cBK
945 _ainventariado extranjero / DG
956 _aVMATEO
_210
_320151119
_6BPMSU
_800151
999 _c8802
_d8802